| 000 | 00455nam a2200133Ia 4500 | ||
|---|---|---|---|
| 008 | 250506s9999 xx 000 0 und d | ||
| 024 | _a07A-116-EE, 07A-160-EE & 05B-102-EE | ||
| 082 | _a629.13256072 MUH | ||
| 100 | _aMuhammad Nabeel khan, Muhammad Ali Khan & Muhammad Shahbaz Siddiqui | ||
| 245 | 0 | _aTraffic Load Detection & Recognition | |
| 260 |
_aKarachi: _bUIT, _c2007 |
||
| 600 | _aElectronic Engineering | ||
| 650 | _aBachelor of Engineering (BE) | ||
| 999 |
_c27881 _d27881 |
||